00614 a2200193 450000100060000002000150000604000240002110000210004524000390006624500340010530000070013936200090014644000080015565000310016394200070019495201010020195201010030299900170040369339 a8532247067 cAnchieta - Itaigara aBelinky, Tatiana10aO rei só queria comer peixelpor10aO rei só queria comer peixe a230 a2001 1aFTD 4aLiteratura infanto-juvenil cBK 00104070a88.1b88.1d2023-11-21l0o028.5 REIp1556/ITAr2023-11-21 20:03:51w2023-11-21yBK 00104070a88.1b88.1d2023-11-21l0o028.5 REIp1722/ITAr2023-11-21 20:03:51w2023-11-21yBK c69339d69339